| 000 | 01683nam0a2200349 4500 | ||
|---|---|---|---|
| 001 | RU\NLR\BIBL_A\012662409 | ||
| 005 | 20250624105535.0 | ||
| 035 | _a(NLR Aleph) 012662409 | ||
| 090 |
_a12759826 _c12759826 |
||
| 100 | _a20211209d1888 |||y0rusy50 ca | ||
| 101 | 0 | _arus | |
| 102 | _aRU | ||
| 105 | _aa m 000zy | ||
| 181 | 0 |
_ai _baxxe |
|
| 182 | 0 | _an | |
| 200 | 1 |
_aDe la situation des fœtus et de la disposition des œufs dans les cas de grossesse gémellaire _ethèse _fpar M. Lamiot |
|
| 203 |
_aТекст _bвизуальный _cнепосредственный |
||
| 210 |
_aParis _cDavy _d1888 |
||
| 215 |
_a143, [1] с. _cил. _d26 |
||
| 225 | 1 |
_a[Collection des thèses soutenues à la Faculté de médecine de Paris _iAn 1887-88 _vt. 10, N° 342] |
|
| 316 |
_aПрипл. к: De la ténacité et de la rupture du cordon ombical: thèse / par A. Lamare. Paris, 1888 _5NLR: Thèses 1887-88 T. 10 Аллиг. 1 |
||
| 320 | _aБиблиогр.: с. 142-143 | ||
| 482 | 0 |
_1001RU\NLR\BIBL_A\012661788 _12001#$aDe la ténacité et de la rupture du cordon ombical _1210##$aParis$d1888 _1700#1$aLamare$bA. |
|
| 541 | 1 | _aО состоянии плодов и расположении плодных яиц при беременности двойней | |
| 606 | 1 |
_aМногоплодная беременность _jДиссертации _91695594 _3RU\NLR\AUTH\66754260 |
|
| 686 | 3 | _aР716.115 | |
| 700 | 1 |
_aLamiot _f1862- |
|
| 852 |
_aNLR _jThèses 1887-88 T. 10 Аллиг. 3 |
||
| 942 | _cBOOK | ||
| 980 | _aNB | ||